Commentaries on the twelve prophets / (Record no. 10457)
[ view plain ]
| 000 -LEADER | |
|---|---|
| fixed length control field | 01759cam a2200397 i 4500 |
| 001 - CONTROL NUMBER | |
| control field | 19032747 |
| 003 - CONTROL NUMBER IDENTIFIER | |
| control field | GBCCL |
| 005 - DATE AND TIME OF LATEST TRANSACTION | |
| control field | 20241126110732.0 |
| 008 - FIXED-LENGTH DATA ELEMENTS--GENERAL INFORMATION | |
| fixed length control field | 160328m20162017ilu b 001 0 eng |
| 010 ## - | |
| -- | 2016007925 |
| 020 ## - INTERNATIONAL STANDARD BOOK NUMBER | |
| International Standard Book Number | 9780830829163 (print : volume 1 : alk. paper) |
| 020 ## - INTERNATIONAL STANDARD BOOK NUMBER | |
| Canceled/invalid ISBN | 9780830894345 (digital : volume 1 : alk. paper) |
| 020 ## - INTERNATIONAL STANDARD BOOK NUMBER | |
| International Standard Book Number | 9780830829170 (print : volume 2 : alk. paper) |
| 020 ## - INTERNATIONAL STANDARD BOOK NUMBER | |
| Canceled/invalid ISBN | 9780830892532 (digital : volume 2 : alk. paper) |
| 040 ## - CATALOGING SOURCE | |
| Original cataloging agency | DLC |
| Language of cataloging | eng |
| Description conventions | rda |
| Transcribing agency | DLC |
| Modifying agency | DLC |
| 041 1# - | |
| -- | eng |
| -- | lat |
| 042 ## - | |
| -- | pcc |
| 050 00 - | |
| -- | BS1560 |
| -- | .J4713 2016 |
| 082 00 - DEWEY DECIMAL CLASSIFICATION NUMBER | |
| Classification number | 220.7 |
| -- | 224/.907 |
| Edition information | 23 |
| Item number | ANC |
| 100 0# - MAIN ENTRY--PERSONAL NAME | |
| Personal name | Jerome, |
| Titles and words associated with a name | Saint, |
| Dates associated with a name | -419 or 420, |
| Relator term | author. |
| 9 (RLIN) | 17966 |
| 240 10 - | |
| -- | Commentaries. |
| -- | Selections. |
| -- | English |
| 245 10 - TITLE STATEMENT | |
| Title | Commentaries on the twelve prophets / |
| Statement of responsibility, etc. | Jerome ; edited by Thomas P. Scheck. |
| 264 #1 - PRODUCTION, PUBLICATION, DISTRIBUTION, MANUFACTURE, AND COPYRIGHT NOTICE | |
| Place of production, publication, distribution, manufacture | Downers Grove, Illinois : |
| Name of producer, publisher, distributor, manufacturer | IVP Academic, an imprint of InterVarsity Press, |
| Date of production, publication, distribution, manufacture, or copyright notice | [2016] |
| 300 ## - PHYSICAL DESCRIPTION | |
| Extent | 310pages, volumes ; |
| Dimensions | 27 cm. |
| 336 ## - CONTENT TYPE | |
| Content type term | text |
| Source | rdacontent |
| 337 ## - MEDIA TYPE | |
| Media type term | unmediated |
| Source | rdamedia |
| 338 ## - CARRIER TYPE | |
| Carrier type term | volume |
| Source | rdacarrier |
| 490 0# - SERIES STATEMENT | |
| Series statement | Ancient Christian texts |
| 504 ## - BIBLIOGRAPHY, ETC. NOTE | |
| Bibliography, etc. note | Includes bibliographical references and indexes. |
| 630 00 - SUBJECT ADDED ENTRY--UNIFORM TITLE | |
| Uniform title | Bible. |
| Name of part/section of a work | Minor Prophets |
| Form subdivision | Commentaries. |
| 9 (RLIN) | 1565 |
| 700 1# - ADDED ENTRY--PERSONAL NAME | |
| Personal name | Scheck, Thomas P., |
| Dates associated with a name | 1964- |
| Relator term | editor. |
| 9 (RLIN) | 18201 |
| 776 08 - ADDITIONAL PHYSICAL FORM ENTRY | |
| Relationship information | Online version: |
| Main entry heading | Jerome, Saint, -419 or 420, author. |
| Title | Commentaries on the twelve prophets |
| Place, publisher, and date of publication | Downers Grove : InterVarsity Press, 2016 |
| International Standard Book Number | 9780830894345 |
| Record control number | (DLC) 2016014907 |
| 906 ## - LOCAL DATA ELEMENT F, LDF (RLIN) | |
| a | 7 |
| b | cbc |
| c | orignew |
| d | 1 |
| e | ecip |
| f | 20 |
| g | y-gencatlg |
| 942 ## - ADDED ENTRY ELEMENTS (KOHA) | |
| Source of classification or shelving scheme | Dewey Decimal Classification |
| Koha item type | Reference Books |
| Withdrawn status | Lost status | Source of classification or shelving scheme | Damaged status | Not for loan | Home library | Current Library | Shelving location | Date acquired | Total checkouts | Full call number | Barcode | Date last seen | Copy number | Price effective from | Koha item type |
|---|---|---|---|---|---|---|---|---|---|---|---|---|---|---|---|
| Dewey Decimal Classification | GRACE BIBLE COLLEGE | GRACE BIBLE COLLEGE | Commentary | 2024-07-23 | 220.7 ANC | 016985 | 2025-05-01 | v.1 | 2024-07-23 | Reference Books |